Szybkie klikanie (wersja średnia) - Statystyki

Ogólne statystyki
  • Ten quiz został rozwiązany 17 razy
  • Średni wynik to 52 z 57
Answers on the Grid
Answers color-coded by a green-red scale on the quiz's grid according to % correct below.
O
O
X
O
O
X
O
X
X
O
O
O
O
X
O
O
X
X
O
X
O
X
O
O
X
X
X
O
X
X
O
O
O
O
O
X
X
O
O
X
O
O
X
X
O
O
O
X
X
O
X
X
X
O
O
O
X
O
X
X
O
O
O
X
X
O
X
O
O
X
X
O
X
O
O
O
O
X
X
O
O
O
X
O
O
X
X
X
O
O
O
O
X
X
O
X
O
X
O
O
 
Statystyki odpowiedzi
Odpowiedź % Poprawnych
O
100%
O
100%
O
100%
O
100%
O
100%
O
100%
O
100%
O
100%
O
100%
O
100%
O
100%
O
100%
O
100%
O
100%
O
100%
O
100%
O
100%
O
100%
O
100%
O
100%
O
100%
O
100%
O
100%
O
100%
O
100%
O
100%
O
100%
O
100%
O
100%
O
93%
O
93%
O
93%
O
93%
O
93%
O
93%
O
93%
O
93%
O
93%
O
93%
O
93%
O
93%
O
86%
O
86%
O
86%
O
86%
O
79%
O
79%
O
79%
O
71%
O
71%
O
71%
O
71%
O
64%
O
64%
O
64%
O
64%
O
64%
Nie znaleziono quizów pasujących do podanych kryteriów
Rozkład punktacji
Procent ludzi z każdym wynikiem
Percentyl według liczby udzielonych odpowiedzi
Twoja historia wyników
Nie rozwiązałeś tego quizu